| 000 | 00538nam a22001817a 4500 | ||
|---|---|---|---|
| 005 | 20140805154212.0 | ||
| 010 | _aENG-109655 | ||
| 020 |
_a9789382536178 _c160.00 |
||
| 035 | _aEN-93188 | ||
| 037 | _bDBAD/PUB | ||
| 082 | _aS | ||
| 100 | _aBande,Usha | ||
| 245 |
_aA box of stolen moments / _cby Usha Bande ; foreworded by Shashi Deshpande |
||
| 260 |
_aNew Delhi _bLiFi Publications _c2014 |
||
| 270 |
_a211, 2nd Floor, Gagandeep, 12, Rajendra Place _bNew Delhi _e110008 |
||
| 300 |
_axii,164p. _c22cm(pbk) |
||
| 942 |
_2ddc _cEN _hS _mBAN |
||
| 999 |
_c87609 _d87609 |
||